Qué es el codex alimentarius

Spremljeno u:
Bibliografski detalji
Autor kompanije: Organización Mundial de la Salud (Autor)
Format: Knjiga
Jezik:španjolski
Izdano: Roma FAO 2006
Teme:
Oznake: Dodaj oznaku
Bez oznaka, Budi prvi tko označuje ovaj zapis!

MARC

LEADER 00000nam a2200000 a 4500
001 UCI9312
003 CL-VaPUC
008 081113e20060000IT |||||||||||||||||spa|d
020 |a 9789253056149 
082 0 4 |a 664.00218  |b ORG  |2 21 
110 2 |a Organización Mundial de la Salud  |e author  |9 532967 
245 1 0 |a Qué es el codex alimentarius 
300 |a 41 p 
942 |c BK 
945 |d 20081113 00:00:00  |a rbrito 
260 |a Roma  |b FAO  |c 2006 
650 7 |a TECNOLOGIA DE ALIMENTOS  |2 CL-VaPUC  |9 532968 
650 7 |a CODEX ALIMENTARIUS  |2 CL-VaPUC  |9 532969 
650 0 |a Calidad de los alimentos  |9 361947 
583 |a last modification  |c 20081113 00:00:00  |k Rodrigo Vera 
999 |c 331874  |d 331872 
952 |0 0  |1 0  |4 0  |6 664_002180000000000_ORG_2006  |7 0  |8 A  |9 419062  |a BIBALI  |b BIBALI  |c REF  |d 2019-11-22  |i 4496418  |o 664.00218 ORG 2006  |p 4496418  |r 2025-01-20  |w 2019-11-22  |y BK_F  |k ALI